| 000 | 00576nam a22001937a 4500 | ||
|---|---|---|---|
| 999 |
_c160464 _d160464 |
||
| 005 | 20190130151958.0 | ||
| 010 | _aENG-124671 | ||
| 020 |
_a9789386078254 _c670.00 |
||
| 035 | _aEN-108203 | ||
| 037 | _bDBAD/PUB | ||
| 082 | _a230.1 | ||
| 100 | _aAjay Singh | ||
| 245 |
_aHindu mythology/ _cby Ajay Singh |
||
| 260 |
_aDelhi _bPrakashan Kendra _c2018 |
||
| 270 |
_a1/11955, First Floor,Road No,6,Subhash Marg,Shahdara _bDelhi _e110032 |
||
| 300 |
_a176p. _c22cm (Hb) |
||
| 500 | _aIt includes bibliographical references | ||
| 942 |
_2ddc _cEN _mAJA _h230.1 |
||